| 000 | 01199nam a2200325 a 4500 | ||
|---|---|---|---|
| 001 | ebr10333772 | ||
| 003 | CaPaEBR | ||
| 006 | m u | ||
| 007 | cr cn||||||||| | ||
| 008 | 091123s2007 cm s 000 0 eng d | ||
| 020 | _z9789956558056 | ||
| 020 | _z9789956615575 | ||
| 020 | _z9956558052 | ||
| 040 |
_aCaPaEBR _cCaPaEBR |
||
| 035 | _a(OCoLC)646835774 | ||
| 043 | _af-cm--- | ||
| 050 | 1 | 4 |
_aPR9372.2 _b.T36 2007eb |
| 100 | 1 |
_aTande, Dibussi, _d1968- |
|
| 245 | 1 | 0 |
_aNo turning back _h[electronic resource] : _bpoems of freedom 1990-1993 / _cDibussi Tande. |
| 260 |
_aCameroon : _bLangaa Research & Pub. CIG, _c2007. |
||
| 300 | _aix, 59 p. | ||
| 490 | 1 | _aLangaa & African Studies Centre | |
| 533 |
_aElectronic reproduction. _bPalo Alto, Calif. : _cebrary, _d2010. _nAvailable via World Wide Web. _nAccess may be limited to ebrary affiliated libraries. |
||
| 651 | 0 |
_aAfrica _vPoetry. |
|
| 651 | 0 |
_aCameroon _xHistory. |
|
| 655 | 7 |
_aElectronic books. _2local |
|
| 710 | 2 | _aebrary, Inc. | |
| 830 | 0 | _aAfrican Studies Centre research series. | |
| 856 | 4 | 0 |
_uhttp://site.ebrary.com/lib/rucke/Doc?id=10333772 _zAn electronic book accessible through the World Wide Web; click to view |
| 999 |
_c66456 _d66456 |
||